Las nuevas fuerzas del desarrollo / (Registro nro. 8718)

Detalles MARC
000 -LEADER
fixed length control field 01868nam a2200253Ia 4500
003 - CONTROL NUMBER IDENTIFIER
control field OSt338.9
005 - DATE AND TIME OF LATEST TRANSACTION
control field 20211104120711.0
008 - FIXED-LENGTH DATA ELEMENTS--GENERAL INFORMATION
fixed length control field 210310t2005 sp fr 001 0dspa d
020 ## - INTERNATIONAL STANDARD BOOK NUMBER
International Standard Book Number 8495348160
040 ## - CATALOGING SOURCE
Original cataloging agency CO-JMCR
Transcribing agency CO-JMCR
041 0# - LANGUAGE CODE
Language code of text/sound track or separate title spa
082 04 - DEWEY DECIMAL CLASSIFICATION NUMBER
Classification number 338.9 /
Item number V999n
Edition number 23
100 1# - MAIN ENTRY--PERSONAL NAME
Personal name Vázquez Barquero, Antonio,
9 (RLIN) 18083
Relator term autor
245 14 - TITLE STATEMENT
Title Las nuevas fuerzas del desarrollo /
Statement of responsibility, etc. Antonio Vázquez Barquero
260 ## - PUBLICATION, DISTRIBUTION, ETC.
Place of publication, distribution, etc. Barcelona :
Name of publisher, distributor, etc. Antoni Bosch editor,
Date of publication, distribution, etc. ©2005
300 ## - PHYSICAL DESCRIPTION
Extent xiv, 177 páginas ;
Dimensions 24 cm.
500 ## - GENERAL NOTE
General note Incluye notas a pie de página e índice analítico.
504 ## - BIBLIOGRAPHY, ETC. NOTE
Bibliography, etc. note Bibliografía: páginas [163]-172
505 0# - FORMATTED CONTENTS NOTE
Formatted contents note Globalización, pobreza y desarrollo -- Desarrollo endógeno -- La organización flexible de la producción -- La difusión de las innovaciones y el conocimiento -- Desarrollo urbano del territorio -- Cambio y adaptación de las instituciones -- Desarrollo sostenible de la economía
520 3# - SUMMARY, ETC.
Summary, etc. ¿Es posible el desarrollo económico sostenible en un contexto de creciente competencia y globalización de la economía y la sociedad? ¿Cuáles son los mecanismos que lo hacen posible? ¿Qué acciones y relaciones favorecen un pro ceso continuo y duradero de desarrollo? El autor da respuesta a éstas y otras preguntas afines, analizando para un público amplio las fuerzas que generan los procesos de desarrollo económico; desde las redes de empresas, las transformaciones institucionales o los procesos de innovación, hasta los cambios en la organización del sistema de ciudades y en las funciones urbanas. También, explica cómo la interacción y las sinergias que se forman entre esas fuerzas condicionan los procesos de desarrollo y las diferencias entre los países, las regiones y las ciudades.
650 14 - SUBJECT ADDED ENTRY--TOPICAL TERM
Topical term or geographic name entry element Globalización
9 (RLIN) 18085
650 24 - SUBJECT ADDED ENTRY--TOPICAL TERM
Topical term or geographic name entry element Desarrollo endógeno
9 (RLIN) 41412
942 ## - ADDED ENTRY ELEMENTS (KOHA)
Source of classification or shelving scheme Dewey Decimal Classification
Koha item type Books
Existencias
Withdrawn status Lost status Source of classification or shelving scheme Damaged status Not for loan Collection code Home library Current library Date acquired Source of acquisition Full call number Barcode Date last seen Copy number Koha item type
    Dewey Decimal Classification     Non-fiction Biblioteca Pública José María del Castillo y Rada Biblioteca Pública José María del Castillo y Rada 04/15/2018 Donación 338.9 / V999n 430005983 05/16/2024 Ej.1 Books